| 000 | 00751cam a2200253 4500 | ||
|---|---|---|---|
| 001 | J2696 | ||
| 008 | 090401t1993 xxu||||| |||| 00| 0 eng d | ||
| 035 | _a(Sirsi) u50612 | ||
| 041 | _aeng | ||
| 050 | _a333.337 | ||
| 110 |
_aHillier Parker _92054 |
||
| 245 | _aCharging out internal (asset) rents: internal property management accounting practices: summary of research findings. | ||
| 260 |
_aLondon _bHillier Parker _c1993 |
||
| 300 | _a16p. ; 30cm. | ||
| 350 | _a0 | ||
| 490 |
_aCorporate Real Estate _v1 Research Papers |
||
| 650 | _aCORPORATE PROPERTY | ||
| 650 | _aINTERNAL RENTS | ||
| 650 | _aPROPERTY ASSETS | ||
| 650 |
_aProperty management _96262 |
||
| 690 | _aPROPERTY-COMMERCIAL PROPERTY | ||
| 942 | _n0 | ||
| 948 | _c04/03/1997 | ||
| 999 |
_c92727 _d92727 |
||